A kis nemzetek és Európa. (részletek)
Elmentve itt :
| Szerző: | |
|---|---|
| Adatforrás: | Meister |
| Forrásdokumentuma: | Helikon. - 1 sz., 1995, 23 p. |
| Nyelv: | magyar |
| Kulcsszavak: | politikai publicisztika magyarok |
| LEADER | 00364nab a2200133 i 4500 | ||
|---|---|---|---|
| 001 | bibPRO00009538 | ||
| 008 | 060524s1995 xx hun | ||
| 040 | |a Sz1 | ||
| 041 | |a hun | ||
| 100 | 1 | |a KOSÁRY Domokos | |
| 245 | 1 | 2 | |a A kis nemzetek és Európa. (részletek) |c KOSÁRY Domokos |
| 695 | |a politikai publicisztika | ||
| 695 | |a magyarok | ||
| 773 | 0 | |t Helikon. - |g 1 sz., 1995, 23 p. | |